Armorial de Aragón / (Record no. 67180)

MARC details
000 -LEADER
campo de control de longitud fija 01153nam a2200277 i 4500
001 - NÚMERO DE CONTROL
campo de control 67180
003 - IDENTIFICADOR DE NÚMERO DE CONTROL
campo de control ES-MaACL
005 - FECHA Y HORA DE LA ÚLTIMA TRANSACCIÓN
campo de control 20251122063117.0
007 - CAMPO FIJO DE DESCRIPCIÓN FÍSICA--INFORMACIÓN GENERAL
campo de control de longitud fija t|
008 - DATOS DE LONGITUD FIJA--INFORMACIÓN GENERAL
campo de control de longitud fija 040510s1994 sp ||||1| spa d
020 ## - NÚMERO INTERNACIONAL ESTÁNDAR DEL LIBRO
Número Internacional Estándar del Libro 84-7820-209-9
080 ## - NÚMERO DE LA CLASIFICACIÓN DECIMAL UNIVERSAL
Número de la Clasificación Decimal Universal 929.6(460.22)
100 0# - ENTRADA PRINCIPAL--NOMBRE DE PERSONA
Nombre de persona Liñán y Eguizábal, José de,
Títulos y otros términos asociados al nombre Conde de Doña Marina
9 (RLIN) 72478
245 10 - MENCIÓN DEL TÍTULO
Título Armorial de Aragón /
Mención de responsabilidad, etc. por el Conde de Doña Marina ; edición al cuidado de Guillermo Redondo Veintemillas y Alberto Montaner Frutos.
260 ## - PUBLICACIÓN, DISTRIBUCIÓN, ETC.
Lugar de publicación, distribución, etc. Zaragoza :
Nombre del editor, distribuidor, etc. Institución "Fernando el Católico",
Fecha de publicación, distribución, etc. 1994.
300 ## - DESCRIPCIÓN FÍSICA
Extensión XIV, VI, 63 p. ;
Dimensiones 16 cm.
490 1# - MENCIÓN DE SERIE
Mención de serie Publicación número 1646 de la Institución "Fernando el Católico" de la Excma. Diputación de Zaragoza ;
Designación de volumen o secuencia 1646
534 ## - NOTA SOBRE LA VERSIÓN ORIGINAL
Frase introductoria Reprod. de la ed. de:
Publicación, distribución, etc. del original -- Huesca : Tip. de L. Pérez, 1911.
650 14 - PUNTO DE ACCESO ADICIONAL DE MATERIA--TÉRMINO DE MATERIA
Término de materia o nombre geográfico como elemento de entrada Heráldica-
Subdivisión geográfica Aragón.
9 (RLIN) 13311
700 1# - ENTRADA AGREGADA--NOMBRE PERSONAL
Nombre de persona Redondo Veintemillas, Guillermo.
9 (RLIN) 95831
700 1# - ENTRADA AGREGADA--NOMBRE PERSONAL
Nombre de persona Montaner Frutos, Alberto.
9 (RLIN) 82381
830 00 - PUNTO DE ACCESO ADICIONAL DE SERIE-TÍTULO UNIFORME
Título uniforme Publicación ... de la Institución Fernando el Católico ;
9 (RLIN) 233871
Designación de volumen o secuencia 1646
852 ## - LOCALIZACIÓN
Ubicación ES-MaACL
Número de control de estantería 2176-F-8
Sublocalización o colección R.123819
942 ## - ELEMENTOS DE ENTRADA SECUNDARIOS (KOHA)
Fuente del sistema de clasificación o colocación Clasificación decimal universal
Holdings
Estatus retirado Estado de pérdida Estado de daño No para préstamo Colección Biblioteca de origen Biblioteca actual Ubicación en estantería Fecha de adquisición Fuente de adquisición Total de préstamos Signatura topográfica completa Código de barras Visto por última vez Precio de reemplazo Tipo de ítem Koha
        Colección de folletos Biblioteca del Ateneo de Madrid Biblioteca del Ateneo de Madrid Depósito folletos 17/01/2008     2176-F-8 1070355 23/02/2023 23/02/2023 Folleto